000 00472cam a2200205 4500
001 D10166
008 090401t1978 xxu||||| |||| 00| 0 eng d
035 _a(Sirsi) u94302
041 _aeng
050 _a336.2424
100 _aBagnall, K.R.
245 _aDevelopment Land Tax
260 _c1978
350 _a0
520 _aIn The Blundell Memorial Lectures May 1978
700 _aHart, G.R.R.
700 _aJohnson, T.A.
942 _n0
948 _c04/03/1997
999 _c97975
_d97975